[Event "IECC Trio 595 email"]
[Site "IECC email"]
[Date "1998.08.08"]
[Round "?"]
[White "Eriksen, Tommy"]
[Black "Richard, Andy"]
[Result "1-0"]
[WhiteElo "1253"]
[BlackElo "975"]
[PlyCount "79"]
[EventDate "1998.??.??"]
[EventType "tourn (corr)"]
[EventRounds "4"]
[SourceTitle "Corr 2008"]
[Source "ChessBase"]
[SourceDate "2008.06.24"]
[SourceVersion "1"]
[SourceVersionDate "2008.06.24"]
[SourceQuality "1"]

1. b4 e5 2. Bb2 f6 3. a3 d5 4. e3 Be6 5. Nf3 Bd6 6. Be2 Ne7 7. 0-0 0-0 8. d4 e4 9. Nfd2 a6 10. c4 c6 11. c5 Bc7 12. Nc3 Nd7 13. Qb3 b5 14. cxb6 Bxb6 15. Ncxe4 dxe4 16. Qxe6+ Kh8 17. Nxe4 Nd5 18. Qxc6 Ne7 19. Qc2 Nd5 20. Qb3 Nb8 21. Rac1 Re8 22. Bf3 Ra7 23. Nc5 Bxc5 24. bxc5 Ne7 25. Rfd1 Nec6 26. d5 Ne5 27. Bxe5 Rxe5 28. c6 Rc7 29. d6 Rxc6 30. Bxc6 Nxc6 31. Rxc6 Rb5 32. Qc2 Rb8 33. d7 Kg8 34. Rc8 Rxc8 35. dxc8R Qxc8 36. Qxc8+ Kf7 37. Rd7+ Kg6 38. Qe8+ Kh6 39. g4 g6 40. f4 1-0